000 00741cam a22002294a 4500
001 78757
003 BD-RjUL
005 20211209083153.0
008 211113s1936 pk b 000 0 ara d
035 _a(BD-RjUL)78983
040 _aDLC-R
_cDLC-R
_dDLC
_beng
041 _aara
082 _223
_a492.7
_bSHZ
100 1 _a Shafi , Muhammad ;; شفىع, محمد
_9249869
245 1 0 _aJawāhir ul-buḥūr = جواهر البحور /
_cمحمد شفىع. ;; Muhammad Shafi
250 _a1. Ṭabʻ
260 _a Lahore :
_bپنجاب ىونىورسىٹى,;; University of the Punjab,
_c1936
300 _a104 p. ;
_c24 cm.
504 _aIncludes bibliographical references
650 _aArabic Language
_9249870
942 _2ddc
_cBK
999 _c78757
_d78757